000 00405cam a2200169ua 4500
020 _cRs.3/-
041 _ahin
_h
082 _a891.54
_bKRI/SA
100 _aKrishna chandra, .
245 _aSaray ke bachar /
_cKRISHNACHANDRA.
_hTextual Documents
260 _a :
_bRajpal and sanch ,
_c1961.
300 _a176 ; .
365 _aRs.3/-
504 _a
942 _cBK
999 _c11642
_d11642